000 00748nam a2200205Ii 4500
003 JO-AjNU
008 230605s9999||||xx |||||||||||||| ||und||
040 _aJO-AjNU
_bara
_erda
_cJO-AjNU
041 _aara
050 1 4 _aBP188.16.U74 2010
100 3 _aالعثماني، سعد الدين ,
_eauthor
_959535
245 0 0 _aالمنهج الوسط في التعامل مع السنة النبوية المطهرة
264 3 1 _aالمغرب: المنتدى العالمي للوسطية، 2010
300 _a87ص
336 _atext
_btxt
_2rdacontent
337 _aunmediated
_bn
_2rdamedia
338 _avolume
_bnc
_2rdacarrier
490 0 _aسلسلة الفكر الوسطى34
650 4 _aالسنه النبوية- الوسطية
_959536
999 _aA26796
_c30364
_d30364